Southville International School and Colleges
Your cart is empty.
  • Cart
  • Lists
    Public lists Eva Luna New books Lux_list list_1
    Your lists Log in to create your own lists
  • Log in to your account
  • Your cookies
  • Search history
Southville International School and Colleges
  • Advanced search
  • Recent comments
  • Most popular
  • Libraries

Log in to your account

Log in with GOOGLE


If you do not have an external account, but do have a local account, you can still log in:

  1. Home
  2. MARC view: The geography of thought :
Normal view MARC view ISBD view

The geography of thought : (Record no. 288700)

[ view plain ]
MARC details
000 -LEADER
fixed length control field 01289cam a22003254a 4500
001 - CONTROL NUMBER
control field 12895975
003 - CONTROL NUMBER IDENTIFIER
control field PILC
005 - DATE AND TIME OF LATEST TRANSACTION
control field 20150921105348.0
008 - FIXED-LENGTH DATA ELEMENTS--GENERAL INFORMATION
fixed length control field 020815s2003 nyua b 001 0 eng
010 ## - LIBRARY OF CONGRESS CONTROL NUMBER
LC control number 2002032178
020 ## - INTERNATIONAL STANDARD BOOK NUMBER
International Standard Book Number 0743216466
040 ## - CATALOGING SOURCE
Original cataloging agency DLC
Transcribing agency DLC
Modifying agency DLC
042 ## - AUTHENTICATION CODE
Authentication code pcc
043 ## - GEOGRAPHIC AREA CODE
Geographic area code a------
-- e------
-- n------
050 00 - LIBRARY OF CONGRESS CALL NUMBER
Classification number BF 311
Item number .N565 2003
082 00 - DEWEY DECIMAL CLASSIFICATION NUMBER
Classification number 153.4
100 1# - MAIN ENTRY--PERSONAL NAME
Personal name Nisbett, Richard E.
245 14 - TITLE STATEMENT
Title The geography of thought :
Remainder of title how Asians and Westerners think differently... and why /
Statement of responsibility, etc Richard E. Nisbett.
260 ## - PUBLICATION, DISTRIBUTION, ETC. (IMPRINT)
Place of publication, distribution, etc New York :
Name of publisher, distributor, etc Free Press,
Date of publication, distribution, etc 2003.
300 ## - PHYSICAL DESCRIPTION
Extent xxiii, 263 pages :
Other physical details illustrations ;
Dimensions 23 cm.
500 ## - GENERAL NOTE
General note Includes bibliographical references and index.
650 #0 - SUBJECT ADDED ENTRY--TOPICAL TERM
Topical term or geographic name as entry element Cognition and culture.
650 #0 - SUBJECT ADDED ENTRY--TOPICAL TERM
Topical term or geographic name as entry element East and West.
856 42 - ELECTRONIC LOCATION AND ACCESS
Materials specified Contributor biographical information
Uniform Resource Identifier <a href="http://www.loc.gov/catdir/bios/simon052/2002032178.html">http://www.loc.gov/catdir/bios/simon052/2002032178.html</a>
856 42 - ELECTRONIC LOCATION AND ACCESS
Materials specified Publisher description
Uniform Resource Identifier <a href="http://www.loc.gov/catdir/description/simon041/2002032178.html">http://www.loc.gov/catdir/description/simon041/2002032178.html</a>
856 41 - ELECTRONIC LOCATION AND ACCESS
Materials specified Sample text
Uniform Resource Identifier <a href="http://www.loc.gov/catdir/enhancements/fy0641/2002032178-s.html">http://www.loc.gov/catdir/enhancements/fy0641/2002032178-s.html</a>
906 ## - LOCAL DATA ELEMENT F, LDF (RLIN)
a 7
b cbc
c orignew
d 1
e ocip
f 20
g y-gencatlg
942 ## - ADDED ENTRY ELEMENTS (KOHA)
Source of classification or shelving scheme Library of Congress Classification
Koha item type Books
Call number prefix Foreign
Holdings
Withdrawn status Lost status Source of classification or shelving scheme Damaged status Home library Current library Shelving location Date acquired Source of acquisition Sub Shelving location Total Checkouts Full call number Barcode Date last seen Price effective from Koha item type Date checked out
    Library of Congress Classification   College Library College Library General Circulation Section 09/21/2015 Donation     BF 311 .N565 2003 C20037 05/15/2018 09/21/2015 Books  
    Library of Congress Classification   College Library College Library General Circulation Section 09/21/2015 Donation   1 BF 311 .N565 2003 C20038 05/15/2018 09/21/2015 Books 07/17/2017

The geography of thought :

APA

Nisbett R. E., . (2003). The geography of thought. New York: Free Press.

Chicago

Nisbett Richard E, . 2003. The geography of thought. New York: Free Press.

Harvard

Nisbett R. E., . (2003). The geography of thought. New York: Free Press.

MLA

Nisbett Richard E, . The geography of thought. New York: Free Press. 2003.

  • Place hold
  • Print
  • Cite
  • Add to your cart (remove)
  • Save record
    BIBTEX Dublin Core MARCXML MARC (non-Unicode/MARC-8) MARC (Unicode/UTF-8) MARC (Unicode/UTF-8, Standard) MODS (XML) RIS
  • More searches
    Search for this title in:
    Other Libraries (WorldCat) Other Databases (Google Scholar) Online Stores (Bookfinder.com) Open Library (openlibrary.org)

Exporting to Dublin Core...

SOUTHVILLE LIBRARY

Southville International School and Colleges Library

1281 Tropical Ave. Cor. Luxembourg St., BF Homes International, Las Pinas City

Tel. No. 8256374 / 252358 Loc. 117/146

Powered by Koha